000 00424nam a2200181Ia 4500
005 20240823045306.0
008 240823s9999||||xx |||||||||||||| ||und||
041 _aENGLISH
082 _A001.42 N9
100 _aKothari C R
245 0 _aResearch Methodology
250 _a2nd
260 _c1999
_b"Wiley,New Delhi"
500 _aBINDING
650 _aManagement
_bManagement Studies
942 _cBK
999 _c214621
_d214621